[Event "Porto San Giorgio op"]
[Site "Porto San Giorgio"]
[Date "2020.08.28"]
[Round "7"]
[White "Orfini, Nicolo"]
[Black "Duraccio, Walter Mattia"]
[Result "1/2-1/2"]
[WhiteElo "2245"]
[BlackElo "1866"]
[PlyCount "188"]
[EventDate "2020.08.22"]
[EventType "swiss"]
[EventRounds "7"]
[EventCountry "ITA"]
[SourceTitle "CBM 198 Extra"]
[Source "ChessBase"]
[SourceDate "2020.11.30"]
[SourceVersion "1"]
[SourceVersionDate "2020.11.30"]
[SourceQuality "1"]

1. e4 c5 2. Nf3 e6 3. c3 Nf6 4. e5 Nd5 5. d4 cxd4 6. cxd4 d6 7. Bc4 Nc6 8. 0-0 Nb6 9. Bd3 dxe5 10. dxe5 Nb4 11. Be4 Qxd1 12. Rxd1 N4d5 13. a4 a5 14. Nc3 Nxc3 15. bxc3 Bc5 16. Be3 Bxe3 17. fxe3 Nd7 18. Rd4 Nc5 19. Rad1 Ke7 20. Rc4 Nxe4 21. Rxe4 Bd7 22. Rg4 Rac8 23. Rxg7 h6 24. Nh4 Kf8 25. Rg4 Ke7 26. Rf1 Rhg8 27. Rgf4 Rg7 28. Rb1 Bc6 29. Kf2 Rd8 30. Rd4 Rd5 31. Nf3 Rc5 32. c4 Rg8 33. g4 Rb8 34. Ra1 b6 35. e4 Rd8 36. Ke3 Bb7 37. Rb1 Rdc8 38. Kd3 Bc6 39. Ra1 f6 40. exf6+ Kxf6 41. Rf1 Ke7 42. Nh4 Be8 43. Rb1 Rb8 44. Rf1 h5 45. Rg1 Rg5 46. h3 hxg4 47. Nf3 Rg8 48. hxg4 Bxa4 49. Ne5 Rg5 50. Nf3 Rgg8 51. g5 Rbf8 52. Ke3 Be8 53. Ne5 Rh8 54. Rg3 a4 55. Rd2 Rh5 56. Kd4 Rg8 57. Nf3 Bg6 58. Ke5 Rc8 59. Rc2 a3 60. Nd2 Rc5+ 61. Kf4 e5+ 62. Kg4 Rh2 63. Rxa3 Rg2+ 64. Kf3 Rxg5 65. Rb2 Bh5+ 66. Kf2 Rc6 67. Rb5 Rf6+ 68. Nf3 Rxf3+ 69. Rxf3 Bxf3 70. Kxf3 Rg6 71. Rxe5+ Kd6 72. Rb5 Kc6 73. Kf4 Rd6 74. Rd5 Rf6+ 75. Ke5 Rh6 76. Kd4 Rh4 77. Rf5 Rh6 78. Rf4 Rd6+ 79. Ke5 Kc5 80. Kf5 Rd8 81. e5 Rf8+ 82. Ke4 Re8 83. Rf6 Re7 84. Kf5 Kd4 85. Rd6+ Kc5 86. Kf6 Re8 87. Re6 Rb8 88. Kf7 Kxc4 89. Re7 b5 90. e6 b4 91. Rc7+ Kd3 92. e7 b3 93. Rd7+ Kc2 94. Rd8 Rb7 1/2-1/2

[Event "Porto San Giorgio op"]
[Site "Porto San Giorgio"]
[Date "2020.08.23"]
[Round "2"]
[White "Muraro, Alberto"]
[Black "Orfini, Nicolo"]
[Result "0-1"]
[WhiteElo "1907"]
[BlackElo "2245"]
[PlyCount "80"]
[EventDate "2020.08.22"]
[EventType "swiss"]
[EventRounds "7"]
[EventCountry "ITA"]
[SourceTitle "CBM 198 Extra"]
[Source "ChessBase"]
[SourceDate "2020.11.30"]
[SourceVersion "1"]
[SourceVersionDate "2020.11.30"]
[SourceQuality "1"]

1. e4 c5 2. Nf3 Nc6 3. d4 cxd4 4. Nxd4 e5 5. Nb5 d6 6. N1c3 a6 7. Na3 Be7 8. Nd5 Nf6 9. Nxf6+ Bxf6 10. Nc4 Be7 11. Be3 Be6 12. Bb6 Qd7 13. Ne3 Rc8 14. Be2 0-0 15. 0-0 Bg5 16. Nd5 Bxd5 17. exd5 Ne7 18. Be3 Bxe3 19. fxe3 f5 20. Kh1 Qd8 21. e4 g6 22. exf5 gxf5 23. Bh5 Kh8 24. b3 b5 25. Rc1 b4 26. Qd2 a5 27. h3 Rc5 28. c4 bxc3 29. Rxc3 Rxc3 30. Qxc3 Nxd5 31. Qc6 Nf4 32. Bf3 e4 33. Bd1 Qg5 34. Qc3+ Kg8 35. Rxf4 Qxf4 36. Be2 Qe5 37. Qc7 f4 38. Bc4+ Kh8 39. a3 f3 40. gxf3 exf3 0-1

[Event "Spilimbergo op 18th"]
[Site "Spilimbergo"]
[Date "2020.08.15"]
[Round "9"]
[White "Orfini, Nicolo"]
[Black "Paduano, Claudio"]
[Result "1/2-1/2"]
[WhiteElo "2245"]
[BlackElo "2114"]
[PlyCount "84"]
[EventDate "2020.08.09"]
[EventType "swiss"]
[EventRounds "9"]
[EventCountry "ITA"]
[SourceTitle "CBM 197 Extra"]
[Source "ChessBase"]
[SourceDate "2020.09.30"]
[SourceVersion "1"]
[SourceVersionDate "2020.09.30"]
[SourceQuality "1"]

1. e4 c5 2. c3 Nf6 3. e5 Nd5 4. d4 cxd4 5. Nf3 e6 6. cxd4 d6 7. Bc4 Nc6 8. 0-0 Be7 9. Qe2 0-0 10. Nc3 dxe5 11. dxe5 Nxc3 12. bxc3 Qa5 13. Bd2 Rd8 14. Rfe1 Bd7 15. Bb3 Be8 16. Qe4 Rac8 17. Ng5 g6 18. Qh4 h5 19. Qf4 Rxd2 20. Qxd2 Nxe5 21. Nxe6 Rxc3 22. Qh6 fxe6 23. Bxe6+ Bf7 24. Rxe5 Qxe5 25. Qxg6+ Qg7 26. Bxf7+ Kf8 27. Qxg7+ Kxg7 28. Bxh5 Rc2 29. Bd1 Rd2 30. Bb3 Bc5 31. Rf1 b5 32. g4 a5 33. a4 Rb2 34. Bd1 b4 35. Kg2 Rd2 36. h4 Bxf2 37. Rxf2 Rxd1 38. Rf5 b3 39. Rb5 Rd4 40. Rxb3 Rxg4+ 41. Rg3 Rxg3+ 42. Kxg3 Kg6 1/2-1/2

[Event "Anti Cheating Blitz Cup"]
[Site "Chess.com INT"]
[Date "2020.05.20"]
[Round "7"]
[White "Liu, Zhaoqi"]
[Black "Orfini, Nicolo"]
[Result "1-0"]
[WhiteElo "2301"]
[BlackElo "2245"]
[PlyCount "79"]
[EventDate "2020.05.20"]
[EventType "swiss (blitz)"]
[EventRounds "11"]
[EventCountry "USA"]
[SourceTitle "CBM 196 Extra"]
[Source "ChessBase"]
[SourceDate "2020.07.31"]
[SourceVersion "1"]
[SourceVersionDate "2020.07.31"]
[SourceQuality "1"]

1. c4 e5 2. Nc3 d6 3. Nf3 f5 4. g3 Nf6 5. d4 e4 6. Nh4 Be7 7. Bh3 g6 8. Bh6 c6 9. 0-0 Rg8 10. f3 d5 11. fxe4 dxe4 12. e3 Na6 13. Ng2 Nc7 14. Nf4 Ne6 15. d5 Nxf4 16. Bxf4 g5 17. Be5 g4 18. Bg2 Rg6 19. d6 Bf8 20. Qd4 Bg7 21. c5 Be6 22. b4 Qd7 23. b5 Kf7 24. bxc6 bxc6 25. Rab1 Kg8 26. Rb2 Ne8 27. Bxg7 Qxg7 28. Qxg7+ Rxg7 29. Rfb1 Nf6 30. Bf1 Nd7 31. Na4 Re8 32. Ba6 Ne5 33. Rb8 Rxb8 34. Rxb8+ Kf7 35. Bc8 Bxc8 36. Rxc8 Ke6 37. Re8+ Kd5 38. Re7 Rg8 39. Rxa7 Rb8 40. Nb6+ 1-0